ბათუმის შოთა რუსთაველის სახელმწიფო უნივერსიტეტის ბიბლიოთეკა

Контроль качества уборки зерновых культур (ბიბ.ჩანაწერი № 45860)

000 -LEADER
fixed length control field 00675nam a2200229Ia 4500
001 - CONTROL NUMBER
control field 12689
003 - CONTROL NUMBER IDENTIFIER
control field GE_BSU
008 - FIXED-LENGTH DATA ELEMENTS--GENERAL INFORMATION
fixed length control field 181216s||||||||xx |||||||||||||| ||und||
040 ## - CATALOGING SOURCE
Transcribing agency GE_BSU
080 ## - UNIVERSAL DECIMAL CLASSIFICATION NUMBER
Universal Decimal Classification number 633.1:631.55
100 ## - MAIN ENTRY--PERSONAL NAME
Personal name Пугачев,А.Н.
245 ## - TITLE STATEMENT
Title Контроль качества уборки зерновых культур
245 ## - TITLE STATEMENT
Statement of responsibility, etc. Ред.Л.М.Рунова
260 ## - PUBLICATION, DISTRIBUTION, ETC.
Place of publication, distribution, etc. Москва
260 ## - PUBLICATION, DISTRIBUTION, ETC.
Name of publisher, distributor, etc. Колос
260 ## - PUBLICATION, DISTRIBUTION, ETC.
Date of publication, distribution, etc. 1980
300 ## - PHYSICAL DESCRIPTION
Extent 254стр.21см.
300 ## - PHYSICAL DESCRIPTION
Dimensions указатель лит-ры
300 ## - PHYSICAL DESCRIPTION
Accompanying material Таблицы
653 ## - INDEX TERM--UNCONTROLLED
Uncontrolled term Контроль качества уборки зерновых культур
942 ## - ADDED ENTRY ELEMENTS (KOHA)
Koha item type წიგნი
ეგზემპლარები
Withdrawn status Lost status Damaged status Not for loan Date acquired Barcode Date last seen Price effective from Koha item type
        2018-12-17 20736 2018-12-17 2018-12-17 წიგნი
        2018-12-17 20737 2018-12-17 2018-12-17 წიგნი
        2018-12-17 20738 2018-12-17 2018-12-17 წიგნი